LAUTECH

Number 9dream (Record no. 41575)

MARC details
000 -LEADER
fixed length control field 00485nam a2200181 4500
008 - FIXED-LENGTH DATA ELEMENTS--GENERAL INFORMATION
fixed length control field 260630b |||||||| |||| 00| 0 eng d
020 ## - INTERNATIONAL STANDARD BOOK NUMBER
ISBN 0340739762
100 ## - MAIN ENTRY--AUTHOR
Author Mitchell David
245 ## - TITLE STATEMENT
Title Number 9dream
Statement of responsibility, etc /David Mitchell
260 ## - PUBLICATION, DISTRIBUTION, ETC. (IMPRINT)
Place of publication London
Name of publisher Sceptre
Date of publication 2001
300 ## - PHYSICAL DESCRIPTION
Pagination 418p.
650 ## - SUBJECT ADDED ENTRY--TOPICAL TERM
Topical term Young Men -japan - fiction
650 ## - SUBJECT ADDED ENTRY--TOPICAL TERM
Topical term Fathers and sons - fiction
650 ## - SUBJECT ADDED ENTRY--TOPICAL TERM
Topical term Identify [psychology]
650 ## - SUBJECT ADDED ENTRY--TOPICAL TERM
Topical term Dreams - fiction
942 ## - ADDED ENTRY ELEMENTS (KOHA)
Item type Books
Holdings
Source of classification or shelving scheme Not for loan Collection code Home library Current library Shelving location Date acquired Mode of acquisition Full call number Accen. No. Copy number Koha item type
Library of Congress Classification   Non-fiction OLUSEGUN OKE LIBRARY LAUTECH OLUSEGUN OKE LIBRARY LAUTECH Olusegun Oke Library North Reading Room 30/06/2026 Gift PR6063.I785 N86 2001 0017577 1 Books